Fiction and the incompleteness of history (Record no. 1434822)
[ view plain ]
| 000 -LEADER | |
|---|---|
| fixed length control field | 00775nam a22002417a 4500 |
| 005 - DATE AND TIME OF LATEST TRANSACTION | |
| control field | 20250821105529.0 |
| 008 - FIXED-LENGTH DATA ELEMENTS--GENERAL INFORMATION | |
| fixed length control field | 250821b |||||||| |||| 00| 0 eng d |
| 020 ## - INTERNATIONAL STANDARD BOOK NUMBER | |
| International Standard Book Number | 3-03910-746-1 |
| 037 ## - SOURCE OF ACQUISITION | |
| Terms of availability | TB |
| 040 ## - CATALOGING SOURCE | |
| Original cataloging agency | CL |
| Transcribing agency | CL |
| 041 ## - LANGUAGE CODE | |
| Source of code | Eng |
| Language code of text/sound track or separate title | English |
| 084 ## - COLON CLASSIFICATION NUMBER | |
| Classification number | O111,3N315:g(V) P6 |
| Assigning agency | CL |
| 100 ## - MAIN ENTRY--PERSONAL NAME | |
| Personal name | Ying, Zhu |
| 9 (RLIN) | 818349 |
| 245 ## - TITLE STATEMENT | |
| Title | Fiction and the incompleteness of history |
| 260 ## - PUBLICATION, DISTRIBUTION, ETC. | |
| Place of publication, distribution, etc. | UK, Oxford |
| Name of publisher, distributor, etc. | Pater Lang |
| Date of publication, distribution, etc. | 2006 |
| 365 ## - TRADE PRICE | |
| Price amount | 3384.75 |
| Currency code | INR |
| 650 ## - SUBJECT ADDED ENTRY--TOPICAL TERM | |
| Source of heading or term | ENGLISH LITERATURE |
| 700 ## - ADDED ENTRY--PERSONAL NAME | |
| Personal name | by Naipaul, V.S. |
| Relator term | Author |
| 9 (RLIN) | 818350 |
| 700 ## - ADDED ENTRY--PERSONAL NAME | |
| Personal name | by Okri, Ben |
| Relator term | Author |
| 9 (RLIN) | 818351 |
| 700 ## - ADDED ENTRY--PERSONAL NAME | |
| Personal name | by Marrison, Toni |
| Relator term | Author |
| 9 (RLIN) | 818352 |
| 942 ## - ADDED ENTRY ELEMENTS (KOHA) | |
| Source of classification or shelving scheme | Colon Classification (CC) |
| Koha item type | Textbook |
| Classification part | O111,3N315:g(V) P6 |
| Suppress in OPAC | No |
| Withdrawn status | Lost status | Source of classification or shelving scheme | Damaged status | Not for loan | Home library | Current library | Date acquired | Source of acquisition | Cost, normal purchase price | Inventory number | Total Checkouts | Full call number | Barcode | Date last seen | Price effective from | Koha item type |
|---|---|---|---|---|---|---|---|---|---|---|---|---|---|---|---|---|
| Colon Classification (CC) | Central Library | Central Library | 2025-08-21 | Bhartiya Sahitya Bhawan | 3384.75 | 475& 2009-02-10 | O111,3N315:g(V) P6 | CL1386234 | 2025-08-21 | 2025-08-21 | Textbook |
